[Event "TuS Makkabi Berlin-USV Volksbank Halle"]
[Site "Magdeburg DVM U14"]
[Date "2012.12.29"]
[Round "5.1"]
[White "Altstadt, Karl-Simon"]
[Black "Sawlin, Leonid"]
[Result "0-1"]
[WhiteElo "1717"]
[BlackElo "2067"]
[PlyCount "70"]
[EventDate "2012.??.??"]
[WhiteTeam "USV Volksbank Halle"]
[BlackTeam "TuS Makkabi Berlin"]

1. e4 e6 2. d4 d5 3. Nd2 Nf6 4. e5 Nfd7 5. Bd3 c5 6. c3 Nc6 7. Ne2 cxd4 8. cxd4
f6 9. exf6 Nxf6 10. Nf3 Bd6 11. O-O Qc7 12. Bg5 O-O 13. Bh4 Nh5 14. Qc2 h6 15.
Bg6 Nf4 16. Nxf4 Bxf4 17. Bg3 Bd7 18. Ne5 Be8 19. Bh7+ Kh8 20. Bg6 Bxe5 21.
dxe5 Bxg6 22. Qxg6 Nd4 23. Qd3 Nf5 24. Rac1 Qb6 25. Rc2 Rac8 26. Rfc1 Rc6 27.
Bf4 Qd4 28. Qxd4 Nxd4 29. Rxc6 bxc6 30. Be3 Ne2+ 31. Kf1 Nxc1 32. Bxc1 g5 33.
Be3 Rb8 34. Bxa7 Rxb2 35. a3 Rb5 0-1

[Event "TuS Makkabi Berlin-USV Volksbank Halle"]
[Site "Magdeburg DVM U14"]
[Date "2012.12.29"]
[Round "5.2"]
[White "Schmidek, Emil"]
[Black "Kretzschmar, Arnd"]
[Result "1/2-1/2"]
[WhiteElo "1896"]
[BlackElo "1751"]
[PlyCount "93"]
[EventDate "2012.??.??"]
[WhiteTeam "TuS Makkabi Berlin"]
[BlackTeam "USV Volksbank Halle"]

1. e4 c5 2. Nf3 d6 3. d4 cxd4 4. Nxd4 Nf6 5. Nc3 g6 6. Be3 Bg7 7. f3 O-O 8. Qd2
Nc6 9. Bc4 Bd7 10. O-O-O Qa5 11. Kb1 Rfc8 12. Be2 Ne5 13. h4 Nc4 14. Bxc4 Rxc4
15. h5 Nxh5 16. g4 Nf6 17. Qh2 Rxc3 18. Bd2 Rxc2 19. Bxa5 Rxh2 20. Rxh2 Rc8 21.
Rc2 Rxc2 22. Kxc2 h5 23. gxh5 Nxh5 24. Bc3 Nf4 25. Nb3 b6 26. Bxg7 Kxg7 27. Kd2
g5 28. Rc1 Ne6 29. Ke3 Nc5 30. Nd4 a5 31. Nc2 Be6 32. b3 b5 33. Nd4 Bd7 34. Ne2
Kg6 35. e5 f5 36. exd6 exd6 37. Rd1 Nb7 38. Nc3 Bc6 39. Nd5 Kf7 40. Nc3 Ke6 41.
Rh1 Ke5 42. Rh5 f4+ 43. Kd2 Kf5 44. Rh3 b4 45. Ne2 Kg6 46. Nd4 Bd7 47. Rh8
1/2-1/2

[Event "TuS Makkabi Berlin-USV Volksbank Halle"]
[Site "Magdeburg DVM U14"]
[Date "2012.12.29"]
[Round "5.4"]
[White "Wierzbicki, Jirawat"]
[Black "Hartge, Gedeon"]
[Result "0-1"]
[WhiteElo "1769"]
[BlackElo "1626"]
[PlyCount "66"]
[EventDate "2012.??.??"]
[WhiteTeam "TuS Makkabi Berlin"]
[BlackTeam "USV Volksbank Halle"]

1. e4 c5 2. c3 d5 3. exd5 Qxd5 4. d4 Nf6 5. Nf3 Bg4 6. dxc5 Qxd1+ 7. Kxd1 e5 8.
b4 e4 9. h3 Bh5 10. g4 Nxg4 11. hxg4 Bxg4 12. Nbd2 exf3 13. Nc4 Nd7 14. Bf4
O-O-O 15. Kc2 Be6 16. Nd2 Bf5+ 17. Kb2 Ne5 18. Be3 f6 19. a4 Rd7 20. Bb5 Rd5
21. Rhd1 Be7 22. Bf1 Rhd8 23. c4 R5d7 24. Kc3 Bg6 25. Bf4 Ng4 26. Bg3 f5 27.
Ra2 Bf6+ 28. Kb3 Rd3+ 29. Bxd3 Rxd3+ 30. Kc2 f4 31. Ne4 Bxe4 32. Rxd3 fxg3 33.
fxg3 f2 0-1

[Event "SF Brackel 1930-SG Turm Raesfeld"]
[Site "Magdeburg DVM U14"]
[Date "2012.12.29"]
[Round "5.1"]
[White "Ridder, David"]
[Black "Flüchter, Gregor"]
[Result "0-1"]
[WhiteElo "1582"]
[BlackElo "2016"]
[PlyCount "38"]
[EventDate "2012.??.??"]
[WhiteTeam "SG Turm Raesfeld"]
[BlackTeam "SF Brackel 1930"]

1. e4 c5 2. Nc3 Nc6 3. Bb5 Nd4 4. Bc4 e6 5. Nge2 Nf6 6. O-O a6 7. e5 d5 8. exf6
dxc4 9. fxg7 Bxg7 10. d3 cxd3 11. Qxd3 Bd7 12. a4 Bc6 13. Be3 Qh4 14. Ng3 O-O-O
15. Nce4 Nf3+ 16. gxf3 Rxd3 17. Bg5 Qh3 18. cxd3 f5 19. Nxc5 Bxf3 0-1

[Event "SF Brackel 1930-SG Turm Raesfeld"]
[Site "Magdeburg DVM U14"]
[Date "2012.12.29"]
[Round "5.3"]
[White "Hoffmann, Fabian"]
[Black "Wastian, Jan"]
[Result "0-1"]
[WhiteElo "1633"]
[BlackElo "1548"]
[PlyCount "62"]
[EventDate "2012.??.??"]
[WhiteTeam "SG Turm Raesfeld"]
[BlackTeam "SF Brackel 1930"]

1. e4 c6 2. d4 d5 3. e5 Bf5 4. g4 Be4 5. f3 Bg6 6. h4 h5 7. Bd3 Bxd3 8. Qxd3
hxg4 9. fxg4 e6 10. g5 Ne7 11. Nf3 Qc7 12. Nc3 Nd7 13. Be3 O-O-O 14. O-O-O Nf5
15. Rdg1 g6 16. Ne2 c5 17. Bf4 a6 18. Re1 c4 19. Qd2 b5 20. c3 Qb6 21. a3 Kc7
22. Kc2 a5 23. Rb1 Ra8 24. Ng3 Nxg3 25. Bxg3 b4 26. Qf4 Rh7 27. Nh2 Qb5 28.
axb4 axb4 29. Ra1 bxc3 30. Rab1 Qb3+ 31. Kc1 cxb2+ 0-1

[Event "SF Brackel 1930-SG Turm Raesfeld"]
[Site "Magdeburg DVM U14"]
[Date "2012.12.29"]
[Round "5.4"]
[White "Hlopotov, Nikita"]
[Black "Beckmann, Klaus"]
[Result "1-0"]
[WhiteElo "1314"]
[BlackElo "1465"]
[PlyCount "63"]
[EventDate "2012.??.??"]
[WhiteTeam "SF Brackel 1930"]
[BlackTeam "SG Turm Raesfeld"]

1. e4 e5 2. Nf3 Nc6 3. Nc3 Nf6 4. d4 exd4 5. Nxd4 Nxd4 6. Qxd4 d6 7. Bd3 Be7 8.
O-O O-O 9. b3 c6 10. Bb2 Ne8 11. Rad1 Qb6 12. Ne2 Bf6 13. Qxb6 axb6 14. Bxf6
Nxf6 15. a4 Re8 16. Ng3 d5 17. Rfe1 dxe4 18. Nxe4 Nxe4 19. Rxe4 Rxe4 20. Bxe4
Be6 21. f4 g6 22. Rd4 f5 23. Bd3 b5 24. axb5 c5 25. Rd6 Bf7 26. Rd7 Rb8 27. b6
h6 28. Rc7 Rd8 29. Rxb7 Bxb3 30. cxb3 Rxd3 31. Rc7 Rd8 32. b7 1-0

[Event "SV Backnang-SG Porz"]
[Site "Magdeburg DVM U14"]
[Date "2012.12.29"]
[Round "5.2"]
[White "Maier, Lukas"]
[Black "Fieberg, Samuel"]
[Result "0-1"]
[WhiteElo "1693"]
[BlackElo "1850"]
[PlyCount "50"]
[EventDate "2012.??.??"]
[WhiteTeam "SV Backnang"]
[BlackTeam "SG Porz"]

1. d4 d5 2. c4 c6 3. Nf3 Nf6 4. Nc3 e6 5. Bg5 dxc4 6. e4 b5 7. e5 h6 8. Bh4 g5
9. Nxg5 hxg5 10. Bxg5 Nbd7 11. exf6 Bb7 12. Qf3 Qb6 13. Qe3 O-O-O 14. h4 c5 15.
O-O-O cxd4 16. Qxd4 Bc5 17. Qf4 Nb8 18. f3 Rxd1+ 19. Kxd1 Qa5 20. a3 Bxa3 21.
bxa3 Qxc3 22. Qe3 Rd8+ 23. Ke2 Qc2+ 24. Qd2 Rxd2+ 25. Bxd2 c3 0-1

[Event "SV Backnang-SG Porz"]
[Site "Magdeburg DVM U14"]
[Date "2012.12.29"]
[Round "5.3"]
[White "Brungs, Sven"]
[Black "Soos, Philipp"]
[Result "0-1"]
[WhiteElo "1703"]
[BlackElo "1604"]
[PlyCount "84"]
[EventDate "2012.??.??"]
[WhiteTeam "SG Porz"]
[BlackTeam "SV Backnang"]

1. d4 Nf6 2. Nf3 g6 3. c4 c5 4. d5 b5 5. cxb5 a6 6. bxa6 Bxa6 7. g3 Bg7 8. Bg2
d6 9. O-O O-O 10. Nc3 Nbd7 11. Re1 Ne8 12. Bf4 Nc7 13. e4 Nb5 14. Nxb5 Bxb5 15.
Qc1 Nb6 16. Bh6 Ra6 17. Bxg7 Kxg7 18. Qc3+ Kg8 19. Nd2 Qa8 20. a3 Rb8 21. Reb1
Ra4 22. Bf3 Rd4 23. b4 Na4 24. Qc1 Bd3 25. Rb3 c4 26. Rxd3 cxd3 27. Nb3 Rc8 28.
Qe3 Rdc4 29. Na5 Rc3 30. Nc6 Rc7 31. Qd2 Qa6 32. Bd1 Rc4 33. Na5 Rxe4 34. Bxa4
Re2 35. b5 Qb6 36. Qf4 Qxa5 37. Kg2 Qb6 38. Rd1 Rc4 39. Qxc4 Qxf2+ 40. Kh3
Qxh2+ 41. Kg4 h5+ 42. Kf4 Qf2+ 0-1

[Event "SV Backnang-SG Porz"]
[Site "Magdeburg DVM U14"]
[Date "2012.12.29"]
[Round "5.4"]
[White "Zouani, Samir"]
[Black "Ramien, David"]
[Result "1-0"]
[WhiteElo "1486"]
[BlackElo "1494"]
[PlyCount "99"]
[EventDate "2012.??.??"]
[WhiteTeam "SV Backnang"]
[BlackTeam "SG Porz"]

1. e4 g6 2. Bc4 Bg7 3. d4 d6 4. Bg5 c5 5. c3 Nf6 6. Nd2 cxd4 7. cxd4 Qa5 8.
Bxf6 Bxf6 9. Ngf3 O-O 10. O-O Nc6 11. Nb3 Qb6 12. h3 Rd8 13. Qd2 e5 14. d5 Ne7
15. Rac1 Bg7 16. Qe3 Qxe3 17. fxe3 Rf8 18. Nbd2 Bh6 19. Rce1 a6 20. a4 Rb8 21.
Ba2 b5 22. a5 Bb7 23. g4 Rbc8 24. g5 Bg7 25. Rc1 h6 26. h4 f5 27. gxf6 Bxf6 28.
Kh2 Kh7 29. Kh3 Bg7 30. Kg4 Ng8 31. b4 Nf6+ 32. Kg3 Nh5+ 33. Kg2 Nf6 34. Kg3
Nh5+ 35. Kg2 Nf6 36. Kg3 Rxc1 37. Rxc1 Rf7 38. Nh2 Nh5+ 39. Kg2 Bf6 40. Ndf3
Bd8 41. Ng4 Bc7 42. Rf1 Kg7 43. Nfh2 Re7 44. Rc1 Bb8 45. Nf3 Ba7 46. Kf2 Rf7
47. Kg2 Kg8 48. Nxh6+ Kg7 49. Nxf7 Bb8 50. Nd8 1-0

[Event "BSV 63 Chemie Weißensee-SK Gau-Algesheim"]
[Site "Magdeburg DVM U14"]
[Date "2012.12.29"]
[Round "5.1"]
[White "Bauer, Björn-Benny"]
[Black "Greßmann, Moritz"]
[Result "1-0"]
[WhiteElo "2040"]
[BlackElo "1846"]
[PlyCount "61"]
[EventDate "2012.??.??"]
[WhiteTeam "SK Gau-Algesheim"]
[BlackTeam "BSV 63 Chemie Weißensee"]

1. d4 d5 2. c4 dxc4 3. Nc3 Nf6 4. Bg5 e6 5. e3 Be7 6. Bxc4 O-O 7. Nf3 a6 8. a4
Nc6 9. O-O Nd5 10. Bxe7 Ncxe7 11. Qe2 Nxc3 12. bxc3 Ng6 13. Rfd1 Qe7 14. Bd3
Rd8 15. Bxg6 hxg6 16. Ne5 a5 17. Rd3 Qe8 18. Qg4 Qe7 19. e4 c5 20. Rad1 Bd7 21.
Rf3 Be8 22. Rh3 cxd4 23. cxd4 Bxa4 24. Rdd3 Rac8 25. g3 Rc1+ 26. Kg2 Bb5 27.
Rh4 Bxd3 28. Nxd3 Rc2 29. Qh3 f6 30. Nf4 Qd6 31. Rh8+ 1-0

[Event "BSV 63 Chemie Weißensee-SK Gau-Algesheim"]
[Site "Magdeburg DVM U14"]
[Date "2012.12.29"]
[Round "5.2"]
[White "Donath, Johann"]
[Black "Grieb, Lukas"]
[Result "1-0"]
[WhiteElo "1924"]
[BlackElo "1636"]
[PlyCount "43"]
[EventDate "2012.??.??"]
[WhiteTeam "BSV 63 Chemie Weißensee"]
[BlackTeam "SK Gau-Algesheim"]

1. e4 c5 2. c3 Nc6 3. d4 cxd4 4. cxd4 e6 5. Nc3 Nf6 6. Nf3 Be7 7. Bd3 O-O 8.
O-O d5 9. e5 Nd7 10. Be3 f6 11. exf6 Nxf6 12. Qe2 Qc7 13. Rad1 Bd7 14. Rfe1
Rfe8 15. Bb1 Kh8 16. h3 a6 17. Ng5 Bb4 18. Bxh7 Bxc3 19. bxc3 e5 20. Bg6 Re7
21. dxe5 Nxe5 22. Bf4 1-0

[Event "BSV 63 Chemie Weißensee-SK Gau-Algesheim"]
[Site "Magdeburg DVM U14"]
[Date "2012.12.29"]
[Round "5.3"]
[White "Erlekam, Simon"]
[Black "Koch, Elisabeth"]
[Result "1-0"]
[WhiteElo "1659"]
[BlackElo "1576"]
[PlyCount "47"]
[EventDate "2012.??.??"]
[WhiteTeam "SK Gau-Algesheim"]
[BlackTeam "BSV 63 Chemie Weißensee"]

1. e4 e5 2. Nf3 Nc6 3. Bc4 Nf6 4. Ng5 d5 5. exd5 Na5 6. d3 h6 7. Nf3 Bd6 8. Bd2
Nxc4 9. dxc4 Bg4 10. h3 Bh5 11. Nc3 e4 12. g4 exf3 13. gxh5 Qe7+ 14. Be3 Ne4
15. Nxe4 Qxe4 16. Qd3 Bb4+ 17. Kd1 Qh4 18. c5 c6 19. a3 Ba5 20. d6 Bd8 21. d7+
Kf8 22. Qd6+ Be7 23. Qc7 Qxh5 24. Qc8+ 1-0

[Event "BSV 63 Chemie Weißensee-SK Gau-Algesheim"]
[Site "Magdeburg DVM U14"]
[Date "2012.12.29"]
[Round "5.4"]
[White "Greßmann, Hanna"]
[Black "Jusman, Jesse Samuel"]
[Result "1/2-1/2"]
[WhiteElo "1436"]
[BlackElo "1138"]
[PlyCount "155"]
[EventDate "2012.??.??"]
[WhiteTeam "BSV 63 Chemie Weißensee"]
[BlackTeam "SK Gau-Algesheim"]

1. e4 e5 2. Nf3 Nc6 3. Bc4 Bc5 4. c3 d6 5. d4 exd4 6. cxd4 Bb6 7. O-O Bg4 8.
Be3 Nf6 9. d5 Ne5 10. Qa4+ Bd7 11. Bb5 Nxf3+ 12. gxf3 a6 13. Bxd7+ Qxd7 14.
Qxd7+ Nxd7 15. Nd2 Bxe3 16. fxe3 b5 17. Rac1 Rc8 18. Rc3 Nb6 19. Rfc1 Kd7 20.
Rc6 Rhe8 21. Kf2 Re5 22. f4 Re7 23. Kf3 f5 24. a3 g5 25. fxg5 fxe4+ 26. Nxe4
Nxd5 27. Nf6+ Nxf6 28. gxf6 Rf7 29. Rxa6 Rxf6+ 30. Ke2 Rh6 31. Rh1 Re8 32. Ra5
Kc6 33. a4 Rh5 34. axb5+ Rxb5 35. Rc1+ Rc5 36. Rcxc5+ dxc5 37. Ra6+ Kb5 38. Rh6
Re7 39. Rh5 Kb4 40. Kd2 c4 41. Rg5 Rf7 42. Ke2 c5 43. e4 Re7 44. Kf3 c3 45.
bxc3+ Kxc3 46. Rxc5+ Kd4 47. Rd5+ Kc4 48. Kf4 Rb7 49. Rh5 Rf7+ 50. Rf5 Rb7 51.
Ra5 Rf7+ 52. Ke3 Rf1 53. Ra7 Re1+ 54. Kf4 Kd4 55. Rd7+ Kc5 56. Rxh7 Kd6 57.
Rh6+ Ke7 58. h4 Rf1+ 59. Ke5 Ra1 60. Rh7+ Kf8 61. h5 Kg8 62. Rh6 Kg7 63. Rd6
Rh1 64. h6+ Kh7 65. Rf6 Rh5+ 66. Ke6 Ra5 67. e5 Ra6+ 68. Kf5 Ra5 69. Kf4 Ra4+
70. Kg5 Ra1 71. Rf7+ Kh8 72. e6 Kg8 73. h7+ Kh8 74. e7 Rg1+ 75. Kf5 Rg5+ 76.
Ke6 Re5+ 77. Kd7 Rxe7+ 78. Rxe7 1/2-1/2

[Event "SK 1908 Göggingen-USV TU Dresden"]
[Site "Magdeburg DVM U14"]
[Date "2012.12.29"]
[Round "5.1"]
[White "Scholz, Robert"]
[Black "Bilchinski, Anton"]
[Result "0-1"]
[WhiteElo "1856"]
[BlackElo "2002"]
[PlyCount "83"]
[EventDate "2012.??.??"]
[WhiteTeam "USV TU Dresden"]
[BlackTeam "SK 1908 Göggingen"]

1. e4 c5 2. Nc3 e6 3. Nf3 a6 4. d4 cxd4 5. Nxd4 Qc7 6. g3 Nf6 7. Bg2 Nc6 8. O-O
Be7 9. Re1 O-O 10. a4 Rd8 11. Bg5 h6 12. Be3 d6 13. Nxc6 bxc6 14. a5 Nd7 15. f4
Rb8 16. b3 c5 17. g4 Bb7 18. Qd2 Bf6 19. Bf2 g6 20. Be3 Kh7 21. Ra2 Bg7 22. Na4
Nf6 23. g5 Nxe4 24. Bxe4 Bxe4 25. Nb6 Bb7 26. gxh6 Qc6 27. Kf1 Qh1+ 28. Ke2
Qf3+ 29. Kd3 Bf6 30. Qe2 Qe4+ 31. Kd2 d5 32. Qd3 Qf3 33. Rf1 Qh5 34. Bxc5 Bc6
35. Qf3 Qxh2+ 36. Rf2 Qg1 37. Qg2 Qb1 38. Ra3 Bb5 39. f5 exf5 40. Na4 Re8 41.
c3 Qd3+ 42. Kc1 0-1

[Event "SK 1908 Göggingen-USV TU Dresden"]
[Site "Magdeburg DVM U14"]
[Date "2012.12.29"]
[Round "5.2"]
[White "Reimann, Sebastian"]
[Black "Fuchs, Sebastian"]
[Result "1-0"]
[WhiteElo "1749"]
[BlackElo "1673"]
[PlyCount "47"]
[EventDate "2012.??.??"]
[WhiteTeam "SK 1908 Göggingen"]
[BlackTeam "USV TU Dresden"]

1. e4 e5 2. Nf3 Nc6 3. Bb5 a6 4. Bxc6 dxc6 5. O-O Bd6 6. d4 Qe7 7. c4 c5 8.
dxe5 Bxe5 9. Qd5 f6 10. Nxe5 fxe5 11. Nc3 Nf6 12. Qd3 c6 13. Be3 Be6 14. b3 O-O
15. Na4 Nd7 16. Rfd1 b5 17. Nb2 Rac8 18. Qd6 Rfe8 19. Rd2 Kf7 20. Rad1 Qxd6 21.
Rxd6 Ke7 22. Bg5+ Nf6 23. f4 exf4 24. e5 1-0

[Event "SK 1908 Göggingen-USV TU Dresden"]
[Site "Magdeburg DVM U14"]
[Date "2012.12.29"]
[Round "5.3"]
[White "Reiche, Niccolò"]
[Black "Reimann, Matthias"]
[Result "1-0"]
[WhiteElo "1671"]
[BlackElo "1569"]
[PlyCount "91"]
[EventDate "2012.??.??"]
[WhiteTeam "USV TU Dresden"]
[BlackTeam "SK 1908 Göggingen"]

1. e4 d6 2. d4 Nf6 3. Nc3 g6 4. Bc4 Bg7 5. Be3 O-O 6. Qd2 c6 7. Bb3 b5 8. Nge2
a5 9. a3 Nbd7 10. f3 Rb8 11. O-O Qc7 12. Kh1 c5 13. a4 b4 14. Nb5 Qb6 15. g4
Ba6 16. Ng3 Bxb5 17. axb5 e5 18. dxc5 Nxc5 19. Qf2 Qxb5 20. Ba2 a4 21. Rad1 b3
22. cxb3 axb3 23. Bb1 Rfd8 24. g5 Nh5 25. Nxh5 gxh5 26. Rd5 Rbc8 27. f4 Rd7 28.
f5 Qb4 29. f6 Bf8 30. Rfd1 Na4 31. Rxe5 Nxb2 32. Qxb2 dxe5 33. Rxd7 Qe1+ 34.
Kg2 Qxe3 35. Rd3 Qxe4+ 36. Rf3 Qg4+ 37. Rg3 Qd4 38. Qxb3 Qd2+ 39. Kh3 Qd6 40.
g6 Qe6+ 41. Qxe6 fxe6 42. gxh7+ Kf7 43. h8=Q Rc6 44. Rg7+ Bxg7 45. Qxg7+ Ke8
46. Qe7# 1-0

[Event "SK 1908 Göggingen-USV TU Dresden"]
[Site "Magdeburg DVM U14"]
[Date "2012.12.29"]
[Round "5.4"]
[White "Artz, Tobias"]
[Black "Birkenheuer, Simon"]
[Result "0-1"]
[WhiteElo "1375"]
[BlackElo "1568"]
[PlyCount "134"]
[EventDate "2012.??.??"]
[WhiteTeam "SK 1908 Göggingen"]
[BlackTeam "USV TU Dresden"]

1. e4 e6 2. d4 d5 3. exd5 exd5 4. Bd3 Bd6 5. Ne2 Ne7 6. Nbc3 c6 7. Bf4 Bf5 8.
Bxf5 Nxf5 9. Qd3 Qf6 10. Bxd6 Nxd6 11. O-O O-O 12. Rfe1 Nd7 13. Qg3 Rfe8 14.
Nf4 Qxd4 15. Nfxd5 cxd5 16. Qxd6 Nf6 17. h3 h6 18. Red1 Rad8 19. Qxd8 Qxd1+ 20.
Rxd1 Rxd8 21. f3 Rc8 22. Rd2 Kf8 23. Kf2 Ke7 24. Ke3 a6 25. Ne2 Kd6 26. b3 b5
27. Nd4 g6 28. Ne2 Nd7 29. Nf4 Nf6 30. g4 b4 31. Ne2 Nd7 32. Kf4 Ne5 33. h4 Nc6
34. c4 bxc3 35. Nxc3 Nb4 36. Ne4+ Ke6 37. Re2 Nd3+ 38. Kg3 dxe4 39. Rxe4+ Kf6
40. Ra4 Rc6 41. b4 Rb6 42. a3 Nb2 43. Ra5 Nc4 44. Ra4 Ke6 45. f4 Kd5 46. Kf3
Kc6 47. b5+ Kxb5 48. Rb4+ Kc5 49. Rxb6 Kxb6 50. Ke4 Kc6 51. f5 g5 52. hxg5 hxg5
53. f6 Nd6+ 54. Ke5 Kd7 55. a4 Kc6 56. a5 Nc4+ 57. Kf5 Kd6 58. Kxg5 Ke6 59. Kh6
Kxf6 60. g5+ Kf5 61. Kg7 Ne5 62. Kh6 Ke6 63. Kh5 Ke7 64. Kh4 Kf8 65. Kg3 Kg7
66. Kf4 Nc4 67. Kf5 Nxa5 0-1

[Event "SK Doppelbauer Kiel-SK Langen"]
[Site "Magdeburg DVM U14"]
[Date "2012.12.29"]
[Round "5.1"]
[White "Bingert, Tim Niklas"]
[Black "Beeck, Mats"]
[Result "0-1"]
[WhiteElo "2020"]
[BlackElo "1766"]
[PlyCount "90"]
[EventDate "2012.??.??"]
[WhiteTeam "SK Langen"]
[BlackTeam "SK Doppelbauer Kiel"]

1. e4 c5 2. Nf3 d6 3. d4 cxd4 4. Nxd4 Nf6 5. Nc3 g6 6. Be3 Bg7 7. f3 Nc6 8. Qd2
O-O 9. g4 Nxd4 10. Bxd4 Be6 11. Nd5 Bxd5 12. exd5 Qc7 13. h4 Rac8 14. Rh2 e5
15. dxe6 fxe6 16. h5 d5 17. hxg6 Qg3+ 18. Qf2 Qxf2+ 19. Rxf2 hxg6 20. c3 Nd7
21. Be3 Rxc3 22. Kd2 Rc7 23. Rc1 Rxc1 24. Kxc1 d4 25. Rd2 Rxf3 26. Bb5 Rxe3 27.
Bxd7 d3 28. Kd1 Kf7 29. Bb5 Rg3 30. Rxd3 Rxd3+ 31. Bxd3 Bxb2 32. Kc2 Be5 33.
Be4 b6 34. Kd3 Kf6 35. Ke3 g5 36. Bc2 Ke7 37. Ke4 Kd6 38. Bb3 b5 39. Kd3 a5 40.
Ke4 Bf4 41. Kd3 e5 42. Bf7 Kc5 43. Be6 Kb4 44. Bd5 a4 45. Be6 Ka3 0-1

[Event "SK Doppelbauer Kiel-SK Langen"]
[Site "Magdeburg DVM U14"]
[Date "2012.12.29"]
[Round "5.2"]
[White "Wiemann, Niklas"]
[Black "Berkes, Alexander"]
[Result "0-1"]
[WhiteElo "1452"]
[BlackElo "1894"]
[PlyCount "47"]
[EventDate "2012.??.??"]
[WhiteTeam "SK Doppelbauer Kiel"]
[BlackTeam "SK Langen"]

1. d4 Nf6 2. Nf3 g6 3. c4 Bg7 4. Nc3 O-O 5. e3 d6 6. Be2 Nbd7 7. O-O e5 8. Qc2
Re8 9. b4 e4 10. Nd2 Qe7 11. a4 Nf8 12. b5 h5 13. Ba3 h4 14. d5 Bf5 15. a5 N8h7
16. Bb2 Ng5 17. Rfe1 Nd7 18. Na2 Nf3+ 19. Bxf3 exf3 20. Qc1 fxg2 21. Bxg7 Kxg7
22. Nb4 Ne5 23. a6 b6 24. Nb3 0-1

[Event "SK Doppelbauer Kiel-SK Langen"]
[Site "Magdeburg DVM U14"]
[Date "2012.12.29"]
[Round "5.3"]
[White "Özdemir, Ali Özden"]
[Black "Petersen, Finn Christopher"]
[Result "1-0"]
[WhiteElo "1608"]
[BlackElo "1507"]
[PlyCount "99"]
[EventDate "2012.??.??"]
[WhiteTeam "SK Langen"]
[BlackTeam "SK Doppelbauer Kiel"]

1. e4 e5 2. Nc3 Nf6 3. f4 d6 4. Nf3 Nc6 5. Bb5 Bd7 6. d3 Nd4 7. Bxd7+ Qxd7 8.
Nxd4 exd4 9. Ne2 c5 10. h3 Be7 11. O-O O-O-O 12. c3 dxc3 13. bxc3 Rdg8 14. Rb1
Bd8 15. Qc2 b5 16. Qb3 Bb6 17. Kh1 a6 18. a4 h6 19. axb5 a5 20. c4 Nh5 21. Bb2
f6 22. f5 g6 23. g4 gxf5 24. gxh5 f4 25. Rf3 Rg3 26. Rxg3 fxg3 27. Kg2 Kb7 28.
Rf1 Rf8 29. Rf5 Qg7 30. Nf4 Ra8 31. Qa4 Bd8 32. Nd5 Qd7 33. Bc1 Bb6 34. Bxh6
Rh8 35. Bf4 Qf7 36. h6 Qg6 37. Qd1 Rxh6 38. Bxh6 Qxh6 39. Nf4 Bc7 40. Qh5 Qxh5
41. Nxh5 a4 42. Rxf6 a3 43. Rf1 Ba5 44. Ra1 Bb4 45. Nxg3 Kb6 46. Nf5 Ka5 47.
Nxd6 Ka4 48. e5 Bc3 49. Rxa3+ Kxa3 50. e6 1-0

[Event "SK Doppelbauer Kiel-SK Langen"]
[Site "Magdeburg DVM U14"]
[Date "2012.12.29"]
[Round "5.4"]
[White "Karlisch, Moritz"]
[Black "Reidl, Jorit"]
[Result "1-0"]
[WhiteElo "1294"]
[BlackElo "1058"]
[PlyCount "57"]
[EventDate "2012.??.??"]
[WhiteTeam "SK Doppelbauer Kiel"]
[BlackTeam "SK Langen"]

1. e4 e5 2. Nf3 Nc6 3. Bb5 a6 4. Ba4 Nf6 5. O-O Be7 6. Re1 b5 7. Bb3 O-O 8. c3
d5 9. exd5 Nxd5 10. Nxe5 Nxe5 11. Rxe5 c6 12. d4 Bd6 13. Re1 Qh4 14. g3 Qh3 15.
Qd3 f5 16. Qf3 Bb7 17. Bxd5+ cxd5 18. Bf4 Rae8 19. Nd2 Bxf4 20. Qxf4 h6 21. Nb3
g5 22. Qf3 Bc6 23. Nc5 Ra8 24. Re6 g4 25. Qf4 Be8 26. Rxh6 Bh5 27. Qg5+ Kf7 28.
Rh7+ Ke8 29. Qe7# 1-0

[Event "SG Grün-Weiß Dresden-SC Bavaria Regensb."]
[Site "Magdeburg DVM U14"]
[Date "2012.12.29"]
[Round "5.1"]
[White "Oberhofer, Cédric"]
[Black "Renger, Niklas"]
[Result "0-1"]
[WhiteElo "1806"]
[BlackElo "1769"]
[PlyCount "78"]
[EventDate "2012.??.??"]
[WhiteTeam "SC Bavaria Regensb. 1881"]
[BlackTeam "SG Grün-Weiß Dresden"]

1. e4 c5 2. Nf3 d6 3. d4 cxd4 4. Nxd4 Nf6 5. Nc3 g6 6. Be3 Bg7 7. f3 O-O 8. Qd2
Nc6 9. Bc4 Bd7 10. O-O-O Rc8 11. Bb3 Ne5 12. h4 h5 13. Bg5 Rc5 14. Rhe1 b5 15.
f4 Neg4 16. Nf3 b4 17. Bxf6 Nxf6 18. Nd5 Nxd5 19. Bxd5 Qa5 20. Kb1 Rb8 21. Nd4
Ba4 22. Nb3 Bxb3 23. Bxb3 Qc7 24. f5 gxf5 25. Rf1 Re5 26. Rxf5 Rxf5 27. exf5
Qc5 28. Rf1 Qe5 29. Qc1 a5 30. Rf3 Ra8 31. Re3 Qf6 32. Bd5 Rc8 33. Rd3 Rc5 34.
Be4 Re5 35. Bf3 Rxf5 36. a3 Re5 37. axb4 Re1 38. Rd1 Rxd1 39. Bxd1 Bh6 0-1

[Event "SG Grün-Weiß Dresden-SC Bavaria Regensb."]
[Site "Magdeburg DVM U14"]
[Date "2012.12.29"]
[Round "5.2"]
[White "Sack, Carl-Anton"]
[Black "Dechant, Georg"]
[Result "1-0"]
[WhiteElo "1446"]
[BlackElo "1587"]
[PlyCount "93"]
[EventDate "2012.??.??"]
[WhiteTeam "SG Grün-Weiß Dresden"]
[BlackTeam "SC Bavaria Regensb. 1881"]

1. e4 c5 2. Nf3 Nc6 3. d4 cxd4 4. Nxd4 e6 5. Nxc6 bxc6 6. Nc3 d5 7. exd5 cxd5
8. Bd3 Nf6 9. O-O Qc7 10. Nb5 Qb8 11. c4 Bd7 12. Nc3 Bd6 13. h3 Bc6 14. cxd5
Nxd5 15. Nxd5 Bxd5 16. Qa4+ Ke7 17. Qg4 Be5 18. Qe2 Bf6 19. a3 Qb7 20. f3 Rab8
21. Bf4 Rbd8 22. Be5 Bxe5 23. Qxe5 Qb6+ 24. Kh1 f6 25. Qe2 a5 26. Rfb1 a4 27.
Bc4 Bxc4 28. Qxc4 Rd4 29. Qc3 Rhd8 30. b4 Qb8 31. Qc6 Qa7 32. Qc2 Qa6 33. Rd1
Rc8 34. Qb2 Rdc4 35. Rac1 Qb5 36. Qd2 Rxc1 37. Rxc1 Rxc1+ 38. Qxc1 Qd3 39. Qc5+
Kf7 40. Qa7+ Kg6 41. Qxa4 Qc3 42. Qe8+ Kf5 43. Qh5+ Kf4 44. Qg4+ Ke5 45. Qxg7
Qxa3 46. Qc7+ Kd5 47. Qc5# 1-0

[Event "SG Grün-Weiß Dresden-SC Bavaria Regensb."]
[Site "Magdeburg DVM U14"]
[Date "2012.12.29"]
[Round "5.3"]
[White "Oberhofer, Marie"]
[Black "Michel, Richard"]
[Result "1-0"]
[WhiteElo "1426"]
[BlackElo "1450"]
[PlyCount "59"]
[EventDate "2012.??.??"]
[WhiteTeam "SC Bavaria Regensb. 1881"]
[BlackTeam "SG Grün-Weiß Dresden"]

1. e4 c5 2. Nf3 d6 3. d4 cxd4 4. Nxd4 Nf6 5. Nc3 g6 6. Be3 Bg7 7. f3 O-O 8. Qd2
Nc6 9. Bc4 Bd7 10. O-O-O Rc8 11. Bb3 Ne5 12. h4 Nc4 13. Bxc4 Rxc4 14. g4 h5 15.
gxh5 Nxh5 16. Rdg1 Qa5 17. Nde2 Rfc8 18. Rg5 b5 19. Rxh5 Bxc3 20. Nxc3 gxh5 21.
Rg1+ Kh7 22. Rg5 f6 23. Rxh5+ Kg6 24. Rh6+ Kf7 25. Qd5+ Be6 26. Qh5+ Kf8 27.
Rh8+ Bg8 28. Qg6 e6 29. Rxg8+ Ke7 30. Qg7# 1-0

[Event "SG Grün-Weiß Dresden-SC Bavaria Regensb."]
[Site "Magdeburg DVM U14"]
[Date "2012.12.29"]
[Round "5.4"]
[White "Schuler, Max"]
[Black "Brüll, Elias"]
[Result "0-1"]
[WhiteElo "1529"]
[BlackElo "1316"]
[PlyCount "107"]
[EventDate "2012.??.??"]
[WhiteTeam "SG Grün-Weiß Dresden"]
[BlackTeam "SC Bavaria Regensb. 1881"]

1. e4 c5 2. c4 Nc6 3. Nc3 d6 4. g3 g6 5. Bg2 Bg7 6. Nge2 Nf6 7. O-O O-O 8. a3
Bd7 9. Rb1 Qa5 10. d3 a6 11. Bd2 Rab8 12. f4 Rfc8 13. Kh1 Qc7 14. Nd5 Nxd5 15.
cxd5 Nd4 16. Nxd4 Bxd4 17. Qc2 b5 18. Bc3 Bxc3 19. bxc3 a5 20. Qd2 Qb6 21. f5
b4 22. axb4 axb4 23. cxb4 cxb4 24. f6 exf6 25. Rxf6 b3 26. Rff1 Rc2 27. Qf4 Be8
28. Rfc1 Rxc1+ 29. Qxc1 Qf2 30. Qb2 Qxb2 31. Rxb2 Ba4 32. Bf3 Rc8 33. Rb1 Rc2
34. Bd1 Rc3 35. d4 Re3 36. e5 Re1+ 37. Kg2 b2 38. exd6 Kf8 39. d7 Ke7 40. d6+
Kd8 41. Rxb2 Rxd1 42. Rf2 Bc6+ 43. Kh3 Bxd7+ 44. Kh4 Rxd4+ 45. Kg5 Rd5+ 46. Kf6
Rf5+ 47. Rxf5 Bxf5 48. Kxf7 Kd7 49. Kg7 h5 50. Kf6 Kxd6 51. h3 Bxh3 52. Kxg6
Bg4 53. Kg5 Ke5 54. Kh4 0-1